Statistics for Premier League Teams 23/24 - Everton

Click here to take the quiz!

General Stats

  • This quiz has been taken 12 times
  • The average score is 14 of 21

Answer Stats

QuestionAnswer% Correct
What is the colour of their home kit?Blue
100%
With 383 goals, who is their record goal scorer?Dixie Dean
100%
What is the name of their stadium?Goodison Park
100%
Which team is their closest rival?Liverpool
100%
Who is their head Coach?Sean Dyche
100%
What is their nickname?The Toffees
100%
Who is the owner of the club? (If more than one owner, use the person/company with the majority stake)Farhad Moshiri
91%
How many top division titles have they won?Nine
91%
Who is the chairman?None
91%
Which company sponsors their kit?Stake.com
91%
What is their motto?Nil Satis Nisi Optimum
82%
Which year did they win their most recent top division title?1987
73%
How many consecutive seasons in the top division?70
64%
...and what does it mean in English?Nothing but the Best is Good Enough
64%
With 751 games, who has played the most for them?Neville Southall
55%
Their record league win was 9-1 in 1906 and 1930. Can you name either of their opponents?Manchester City
Plymouth Argyle
27%
Their record home attendance was against Liverpool in 1948. How many were there. (To the nearest 1,000)78,299
18%
Their record cup win was 11–2 in 1890. Who was it against?Derby County
9%
Their youngest first team player was only 16 years, 176 days. What was his name?Thierry Small
9%
Their biggest loss happened three times; in 1934, 1939 and 2005. What was the score?0-7
0%
Their oldest first team player was 42 years, 281 days. Who was it?Ted Sagar
0%

Score Distribution

Percentile by Number Answered

Percent of People with Each Score

Your Score History

You have not taken this quiz